Вып. 104; Труды Центрального научно-исследовательского автомобильного и автомоторного института (НАМИ)

Detaylı Bibliyografya
Parent link:Труды Центрального научно-исследовательского автомобильного и автомоторного института (НАМИ): сборник научных статей/ Центральный научно-исследовательский автомобильный и автомоторный институт (НАМИ) ; отв. ред. А. А. Липгарт. Вып. 104.— .— Москва: Типография НАМИ, 1959-1976
Müşterek Yazar: Государственный научно-исследовательский автомобильный и автомоторный институт (НАМИ)
Diğer Yazarlar: Липгарт А. А. (редактор)
Özet:с. 53-55
Dil:Rusça
Baskı/Yayın Bilgisi: Москва, Типография НАМИ, 1969
Konular:
Materyal Türü: Kitap
KOHA link:https://koha.lib.tpu.ru/cgi-bin/koha/opac-detail.pl?biblionumber=676463

MARC

LEADER 00000nam0a2200000 4500
001 676463
005 20241108140457.0
035 |a (RuTPU)RU\TPU\book\344906 
090 |a 676463 
100 |a 20241108d1969 km|y0rusy50 ca 
101 0 |a rus 
102 |a RU 
105 |a a z 001zy 
181 0 |a i   |b  e  
182 0 |a n 
183 0 |a nc  |2 RDAcarrier 
200 0 |a Вып. 104  |g Центральный научно-исследовательский автомобильный и автомоторный институт (НАМИ) ; отв. ред. А. А. Липгарт 
203 |a Текст  |b визуальный  |c непосредственный 
210 |a Москва  |c Типография НАМИ  |d 1969 
215 |a 56 с.  |c ил. 
283 |a volume 
320 |a библ. в конце статей 
330 |a с. 53-55 
461 1 |0 676182  |9 676182  |c Москва  |d 1959-1976  |f Центральный научно-исследовательский автомобильный и автомоторный институт (НАМИ) ; отв. ред. А. А. Липгарт  |n Типография НАМИ  |n Машгиз  |o сборник научных статей  |t Труды Центрального научно-исследовательского автомобильного и автомоторного института (НАМИ)  |v Вып. 104 
606 1 |a Автомобили  |9 29789 
610 1 |a распределительные валы 
610 1 |a приводы 
610 1 |a двухрядные цепи 
610 1 |a деформации 
610 1 |a роликоподшипники 
610 1 |a расчеты 
610 1 |a методики 
610 1 |a газораспределение 
610 1 |a параметры 
610 1 |a топливо 
610 1 |a сгорание 
610 1 |a характеристики 
610 1 |a фракционный состав 
675 |a 621.892  |v 4 
702 1 |a Липгарт  |b А. А.  |4 340 
712 0 2 |a Государственный научно-исследовательский автомобильный и автомоторный институт (НАМИ)  |c (Москва)  |c (1946-1957)  |3 (RuTPU)RU\TPU\col\13490 
801 1 |a RU  |b 63413507  |c 20241107 
801 2 |a RU  |b 63413507  |c 20241107  |g RCR 
850 |a 63413507 
942 |c CR